[Event "Gyula"]
[Site "Gyula"]
[Date "1993.??.??"]
[Round "2"]
[White "Borsavolgyi, Tamas"]
[Black "Sidorov, Anatoly"]
[Result "1/2-1/2"]
[WhiteElo "2265"]
[BlackElo "2390"]

1.e4 c5 2.Nf3 Nc6 3.Bb5 g6 4.O-O Bg7 5.Re1 Nf6 6.h3 O-O 7.Nc3 b6 8.Qe2 Ne8
9.a4 Nc7 10.d3 Na5 11.Nd5 Ne6 12.Rb1 a6 13.Bc4 Nxc4 14.dxc4 Bb7 15.c3 Bc6
16.Ra1 Re8 17.Be3 d6 18.Nh2 Nf8 19.Qd3 e6 20.Nf4 Qd7 21.a5 b5 22.Rad1 Red8
23.f3 Qc7 24.b4 bxc4 25.Qxc4 Bb5 26.Qb3 Rab8 27.Rc1 Nd7 28.Qa3 Ne5 29.bxc5 Nc4
30.cxd6 Rxd6 31.Qc5 Rc6 32.Qa7 Nxe3 33.Qxe3 Bxc3 34.Ng4 Bd4 35.Qxd4 Rxc1
36.Nh6+ Kf8 37.Nxe6+ fxe6 38.Qf6+ Ke8 39.Qxe6+ Kf8 40.Qf6+ Ke8 41.Qe6+ Kf8  1/2-1/2

[Event "Haarlem op"]
[Site "Haarlem"]
[Date "1993.??.??"]
[Round "5"]
[White "Bezemer, Arno"]
[Black "Kuijf, Marinus"]
[Result "0-1"]
[WhiteElo "2215"]
[BlackElo "2440"]

1.e4 c5 2.Nf3 Nc6 3.Bb5 g6 4.Bxc6 dxc6 5.h3 Bg7 6.d3 b6 7.Nc3 e5 8.Be3 Qe7
9.Qd2 Be6 10.O-O-O O-O-O 11.Kb1 h6 12.Qe2 Qc7 13.Rhe1 Ne7 14.Na4 Rhe8 15.b3 Kb8
16.Qd2 g5 17.h4 g4 18.Ng1 Rh8 19.g3 Nc8 20.Qc1 Nd6 21.Ne2 Nb5 22.c3 Ka8 23.Nb2 f5
24.c4 Nd4 25.Nc3 Nf3 26.Re2 Nd4 27.Ree1 Nf3 28.Re2 h5 29.exf5 Bxf5 30.Ka1 Qf7
31.Ne4 Qg6 32.Na4 Bxe4 33.dxe4 Qxe4 34.Rxd8+ Rxd8 35.Nc3 Qd3 36.Bg5 e4 37.Rc2 Nxg5
38.hxg5 Rf8  0-1

[Event "Hallsberg opJ"]
[Site "Hallsberg"]
[Date "1993.??.??"]
[Round "?"]
[White "Barkhagen, Jonas"]
[Black "Georgiev, Vladimir"]
[Result "1/2-1/2"]
[WhiteElo "2410"]
[BlackElo "2410"]

1.e4 c5 2.Nf3 Nc6 3.Bb5 g6 4.Bxc6 dxc6 5.O-O Bg7 6.d3 e5 7.b3 Nf6 8.Nbd2 Qe7
9.Bb2 Nd7 10.a4 O-O 11.Nc4 Rd8 12.Qe1 f6 13.Ba3 Nf8 14.b4 cxb4 15.Qxb4 Qxb4
16.Bxb4 b6 17.Be7 Rd7 18.Ba3  1/2-1/2

[Event "Wichern op"]
[Site "Hamburg"]
[Date "1993.??.??"]
[Round "2"]
[White "Slobodjan, Roman"]
[Black "Bener, Anna"]
[Result "1-0"]
[WhiteElo "2435"]
[BlackElo "2070"]

1.e4 c5 2.Nf3 Nc6 3.Bb5 g6 4.Bxc6 bxc6 5.O-O Bg7 6.e5 f6 7.Qe2 fxe5 8.Nxe5 d6
9.Nf3 e6 10.Nc3 Nf6 11.d4 cxd4 12.Nxd4 Qd7 13.Re1 O-O 14.Qc4 c5 15.Nf3 Kh8
16.Bd2 Rb8 17.b3 Nd5 18.Rac1 Rxf3 19.gxf3 Rb4 20.Qd3 Rd4 21.Qe2 Rxd2 22.Qxd2 Bxc3
23.Qh6 Qf7 24.Re4 Qxf3 25.Rh4 Qf7 26.Rd1 Ba6 27.Ra4 Bg7 28.Qh4 Nc3 29.Rxa6 Nxd1
30.Rxd6 Bf6 31.Qh6 Nxf2 32.Rd7 Qg8 33.Kxf2 Bd4+ 34.Ke2 e5 35.Qg5 Qf8  1-0

[Event "Wichern op"]
[Site "Hamburg"]
[Date "1993.??.??"]
[Round "9"]
[White "Stabolewski, Andreas"]
[Black "Bener, Anna"]
[Result "0-1"]
[WhiteElo "2290"]
[BlackElo "2070"]

1.e4 c5 2.Nf3 Nc6 3.Bb5 g6 4.Bxc6 bxc6 5.O-O Bg7 6.Re1 Nf6 7.e5 Nd5 8.c4 Nc7
9.d4 cxd4 10.Qxd4 O-O 11.Nc3 f6 12.Qh4 fxe5 13.Nxe5 Ne6 14.Bh6 Rf5 15.Bxg7 Kxg7
16.Rad1 Rf4 17.Qg3 Rd4 18.Nxg6 Rxd1 19.Ne5+ Kf8 20.Qf3+ Kg7 21.Qf7+ Kh8 22.Rxd1 Qf8
23.Qh5 Nf4 24.Qg5 d6 25.Nxc6 Bb7 26.Qb5 Qg7 27.g3 Nh3+ 28.Kf1 Qf7 29.Rd2 e5
30.Nd1 a6 31.Qb6 Qxc4+ 32.Kg2 Bxc6+ 33.Kxh3 Qe6+ 34.g4 Qh6+ 35.Kg3 Qf4+ 36.Kh3 h5
37.Ne3 hxg4+ 38.Kh4 Qxh2+ 39.Kxg4 Rg8+ 40.Kf5 Qh5+  0-1

[Event "Wichern op"]
[Site "Hamburg"]
[Date "1993.??.??"]
[Round "9"]
[White "Glek, Igor V"]
[Black "Rabiega, Robert"]
[Result "1-0"]
[WhiteElo "2535"]
[BlackElo "2455"]

1.e4 c5 2.Nf3 Nc6 3.Bb5 e5 4.O-O d6 5.c3 Nf6 6.d4 Bd7 7.dxc5 dxc5 8.Qe2 Qc7
9.Bg5 Be7 10.Bxf6 Bxf6 11.Na3 O-O-O 12.Nc2 Ne7 13.Ne3 a6 14.Bxd7+ Rxd7 15.b4 h5
16.Rab1 g5 17.b5 axb5 18.Rxb5 Qc6 19.Qc4 Rc7 20.Rfb1 Qe6 21.Qa4 Qa6 22.Ra5  1-0

[Event "Hania op"]
[Site "Hania"]
[Date "1993.??.??"]
[Round "4"]
[White "Zahariev, Zahari"]
[Black "Nikolaidis, Ioannis"]
[Result "0-1"]
[WhiteElo "2380"]
[BlackElo "2440"]

1.e4 c5 2.Nf3 Nc6 3.Bb5 g6 4.O-O Bg7 5.c3 a6 6.Ba4 Nf6 7.Re1 b5 8.Bc2 d6
9.h3 c4 10.d4 cxd3 11.Bxd3 Nd7 12.Be3 O-O 13.Nbd2 b4 14.Nd4 Nce5 15.Bf1 bxc3
16.bxc3 Nc5 17.Qc2 Bd7 18.N2b3 Ba4 19.Bg5 Re8 20.Qd2 Qc7 21.Bh6 Bh8 22.Qe3 Ned7
23.Nd2 Rab8 24.Qg3 Nf6 25.Qh4 e6 26.Rac1 Rb2 27.a3 d5 28.exd5 Nxd5 29.c4 Ne7
30.Ne4 Bxd4 31.Nf6+ Bxf6 32.Qxf6 Nf5 33.Qxb2 Nxh6 34.g4 f5 35.Qd2 Nf7 36.Rb1 fxg4
37.hxg4 Bc6 38.Qd4 Ng5 39.Bg2 Bxg2 40.Kxg2 Qc6+ 41.Kg3  0-1

[Event "Harkany op"]
[Site "Harkany"]
[Date "1993.??.??"]
[Round "4"]
[White "Totsky, Leonid"]
[Black "Sarosi, Zoltan"]
[Result "1-0"]
[WhiteElo "2430"]
[BlackElo "2355"]

1.e4 c5 2.Nf3 Nc6 3.Bb5 e6 4.O-O Nge7 5.Re1 a6 6.Bf1 d5 7.exd5 Qxd5 8.b3 Nf5
9.Bb2 Be7 10.Na3 Rb8 11.Nc4 b6 12.Bd3 f6 13.Be4 Qd7 14.Bxc6 Qxc6 15.Nfe5 fxe5
16.Nxe5 Qd5 17.c4 Qb7 18.Qh5+ g6 19.Nxg6 Rf8 20.Nxf8+ Kxf8 21.Qxh7 Bd6 22.Qh8+ Kf7
23.Re3 Ke7 24.Qf6+ Kd7 25.Rxe6  1-0

[Event "Harkany op"]
[Site "Harkany"]
[Date "1993.??.??"]
[Round "8"]
[White "Robovic, Saudin"]
[Black "Horvath, Peter"]
[Result "0-1"]
[WhiteElo "2360"]
[BlackElo "2390"]

1.e4 c5 2.Nf3 Nc6 3.Bb5 a6 4.Bxc6 dxc6 5.O-O Bg4 6.h3 Bh5 7.Re1 Qc7 8.b4 cxb4
9.a3 e5 10.axb4 Bxb4 11.c3 Bd6 12.d4 Bxf3 13.Qxf3 Ne7 14.Nd2 b5 15.Qg4 Ng6
16.Nf3 O-O 17.h4 exd4 18.cxd4 Qc8 19.Qh5 Be7 20.Ng5 h6 21.f4 Bb4 22.Rd1 hxg5
23.hxg5 Qe6 24.e5 Qf5 25.Ra2 Rfd8 26.Re2 Nxf4 27.Bxf4 Qxf4 28.Rf2 g6 29.Qh6 Qe3
30.e6 Qxe6 31.Rf6 Bf8 32.Qh4 Qe3+ 33.Kh1 Bg7 34.Rf3 Rxd4  0-1

[Event "Hastings op9394"]
[Site "Hastings"]
[Date "1993.??.??"]
[Round "?"]
[White "Prie, Eric"]
[Black "Cherniaev, Alexander"]
[Result "1/2-1/2"]
[WhiteElo "2470"]
[BlackElo "2435"]

1.e4 c5 2.Nf3 Nc6 3.Bb5 e6 4.Bxc6 bxc6 5.b3 d6 6.O-O e5 7.c3 f5 8.exf5 Bxf5
9.d4 e4 10.Bg5 Be7 11.Bxe7 Qxe7 12.dxc5 d5 13.Nd4 Bd7 14.f3 Nf6 15.b4 O-O
16.Re1 Qe5 17.Nd2 Rae8 18.fxe4 dxe4 19.Nc4 Qg5 20.Ne3 Nh5 21.Qd2 Nf4 22.Kh1 Rf6
23.Nf1 Qg6 24.Ng3 h5 25.Nc2 Bc8 26.Rf1 Ref8 27.Ne3 h4 28.Ne2 Nd3 29.Rxf6 Rxf6
30.Rf1 Nf2+  1/2-1/2

[Event "Hastings op9394"]
[Site "Hastings"]
[Date "1993.??.??"]
[Round "?"]
[White "Plaskett, Jim"]
[Black "Sherbakov, Ruslan"]
[Result "0-1"]
[WhiteElo "2465"]
[BlackElo "2570"]

1.e4 c5 2.Nf3 Nc6 3.Bb5 e6 4.O-O Nge7 5.b3 a6 6.Bxc6 Nxc6 7.Bb2 b5 8.Re1 Bb7
9.a4 b4 10.d4 cxd4 11.Nxd4 Qf6 12.Re3 Bc5 13.Rd3 Qe5 14.Ra2 Nxd4 15.Bxd4 Qxe4
16.f3 Qc6 17.Kh1 Bxd4 18.Rxd4 a5 19.c3 bxc3 20.Rc2 d5 21.Nxc3 Qb6 22.Nb5 O-O
23.Rdd2 Ba6 24.Nc7 Rac8 25.Qg1 Qxb3 26.Rb2 Qc4 27.Rdc2 Qxa4 28.Ra2 Qb3 29.Rab2 Qd3
30.Rd2 Qf1 31.Qxf1 Bxf1  0-1

[Event "Hastings op9394"]
[Site "Hastings"]
[Date "1993.??.??"]
[Round "?"]
[White "Conquest, Stuart"]
[Black "Mortensen, Erling"]
[Result "0-1"]
[WhiteElo "2495"]
[BlackElo "2445"]

1.e4 c5 2.Nf3 Nc6 3.Bb5 g6 4.O-O Bg7 5.Re1 Nf6 6.c3 O-O 7.h3 e5 8.Na3 d6
9.Nc2 Bd7 10.Bf1 d5 11.d3 d4 12.Bg5 h6 13.Bd2 a5 14.a4 Ne8 15.Na3 Nd6 16.Bc1 Be6
17.Nd2 f5 18.exf5 gxf5 19.Nb5 Qd7 20.Qh5 Rae8 21.Ra3 Bf7 22.Qh4 Re6 23.f4 Rfe8
24.Nxd6 Rxd6 25.Nf3 e4 26.dxe4 fxe4 27.Ne5 Nxe5 28.fxe5 Rxe5 29.cxd4 cxd4
30.Rxe4 d3 31.Rxe5 Bxe5 32.Qe4 Bd4+ 33.Kh2 Bg6 34.Qf4 Rf6 35.Qg3 Qe8 36.Qh4 Qe5+  0-1

[Event "Havana op"]
[Site "Havana"]
[Date "1993.??.??"]
[Round "?"]
[White "Estrada Nieto, Julian"]
[Black "Blanco Fernandez, Alvaro"]
[Result "1-0"]
[WhiteElo "2210"]
[BlackElo "2305"]

1.e4 c5 2.Nf3 Nc6 3.Bb5 d6 4.O-O Bd7 5.Re1 Nf6 6.c3 a6 7.Bf1 Bg4 8.h3 Bh5
9.d3 e6 10.g4 Bg6 11.Nh4 Nd7 12.Nxg6 hxg6 13.Nd2 Be7 14.Nf3 Nde5 15.Nh2 Bh4
16.d4 cxd4 17.cxd4 Nd7 18.d5 Qf6 19.dxc6 Qxf2+ 20.Kh1 Qxe1 21.Qxd6 bxc6 22.Bg5 Qxe4+
23.Bg2 Qxg2+ 24.Kxg2 Bxg5 25.Rd1 Rd8 26.Qxc6 Bf4 27.Nf3 Ke7 28.Qxa6 Nf6 29.Nd4 Rd5
30.Nc6+ Kd7 31.Qb7+ Kd6 32.Nd4 Rd8 33.Nb5+ Kc5 34.b4+ Kc4 35.Qc6+ Kxb4 36.Rb1+  1-0

[Event "Helsinki-ch"]
[Site "Helsinki"]
[Date "1993.??.??"]
[Round "?"]
[White "Pyhala, Antti"]
[Black "Manninen, Marko"]
[Result "0-1"]
[WhiteElo "2380"]
[BlackElo "2380"]

1.e4 c5 2.Nf3 Nc6 3.Bb5 e6 4.O-O Nge7 5.c3 a6 6.Ba4 b5 7.Bc2 Bb7 8.Re1 Rc8
9.a3 c4 10.d4 cxd3 11.Bxd3 Ng6 12.Nbd2 Nce5 13.Bf1 Bc5 14.Nd4 O-O 15.N2b3 d6
16.Qh5 Re8 17.Bg5 Qc7 18.Rad1 Bb6 19.Bc1 Nc4 20.Rd3 d5 21.Rh3 h6 22.exd5 Bxd5
23.Rg3 Nd6 24.Bd3 Bxb3 25.Nxb3 Nf5 26.Rf3 Ne5 27.Rxe5 Qxe5 28.g4 Rc6 29.gxf5 exf5
30.Bf4 Rg6+ 31.Bg3 Rg5 32.Qh3 f4 33.Qd7 Rd8 34.Qb7 Rxd3 35.Nd2 Rxd2 36.Qxb6 fxg3
37.hxg3 Qe1+ 38.Kg2 Rh5  0-1

[Event "Helsinki We HSK"]
[Site "Helsinki"]
[Date "1993.??.??"]
[Round "4"]
[White "Pulkkinen, Kari"]
[Black "Manninen, Marko"]
[Result "1/2-1/2"]
[WhiteElo "2265"]
[BlackElo "2380"]

1.e4 c5 2.Nf3 Nc6 3.Bb5 e6 4.O-O Nge7 5.Re1 Nd4 6.Bf1 Nec6 7.c3 Nxf3+ 8.Qxf3 Be7
9.Na3 O-O 10.Nc2 d5 11.d4 cxd4 12.Nxd4 Ne5 13.Qh5 Nc6 14.exd5 Nxd4 15.cxd4 exd5
16.Bf4  1/2-1/2

[Event "Heraklio op"]
[Site "Heraklio"]
[Date "1993.??.??"]
[Round "1"]
[White "Ulibin, Mikhail"]
[Black "Valet, Richard"]
[Result "1-0"]
[WhiteElo "2560"]
[BlackElo "2190"]

1.Nf3 c5 2.e4 Nc6 3.Bb5 g6 4.O-O Bg7 5.c3 Nf6 6.Re1 O-O 7.d4 cxd4 8.cxd4 a6
9.Bxc6 dxc6 10.h3 a5 11.Nc3 b5 12.Bf4 Qb6 13.Qc2 Be6 14.Be3 Qb7 15.Ne2 Rfd8
16.Nf4 Bd7 17.Ne5 Be8 18.f3 Rac8 19.Rac1 e6 20.Nfd3 h6 21.Qd2 Qa8 22.Bxh6 Bxh6
23.Qxh6 Rxd4 24.Nc5 Qa7 25.Qe3 Rdd8 26.f4 Qe7 27.Qf2 Nh7 28.Ng4 f6 29.Qh4 Rc7
30.f5 g5 31.Qg3 Rd2 32.e5 Bf7 33.fxe6 Bg6 34.Nxf6+ Nxf6 35.Qxg5 Nd5 36.Qxd2 Qh4
37.Nd7 Nf4 38.Rf1 Nxh3+ 39.gxh3 Qg3+ 40.Qg2 Qe3+ 41.Kh2 Rxd7 42.exd7 Qxe5+
43.Qg3  1-0

[Event "Heraklio op"]
[Site "Heraklio"]
[Date "1993.??.??"]
[Round "5"]
[White "Arnason, Jon L"]
[Black "Nikcevic, Nebojsa"]
[Result "1-0"]
[WhiteElo "2530"]
[BlackElo "2405"]

1.e4 c5 2.Nf3 Nc6 3.Bb5 Nf6 4.Nc3 g6 5.h3 Qc7 6.O-O Bg7 7.Re1 e5 8.Bc4 O-O
9.d3 h6 10.Nh2 d6 11.Ng4 Nxg4 12.hxg4 Qd8 13.g3 Kh7 14.Kg2 Qd7 15.f3 f5 16.gxf5 gxf5
17.exf5 Qxf5 18.Rh1 Be6 19.g4 Qg6 20.Bxe6 Qxe6 21.Ne4 Kg8 22.Rh3 d5 23.Nxc5 Qg6
24.Be3 Rae8 25.c3 b6 26.Nb3 d4 27.Bd2 Re6 28.Qe2 dxc3 29.bxc3 Rd6 30.Qe4 Qxe4
31.fxe4 Rfd8 32.Rah1 Rxd3 33.Bxh6 Rxc3 34.Rxc3  1-0

[Event "Heraklio op"]
[Site "Heraklio"]
[Date "1993.??.??"]
[Round "7"]
[White "Kofidis, Andreas"]
[Black "Miladinovic, Igor"]
[Result "0-1"]
[WhiteElo "2400"]
[BlackElo "2450"]

1.e4 c5 2.Nf3 Nc6 3.Bb5 e6 4.Bxc6 bxc6 5.d3 f6 6.Nc3 d6 7.O-O e5 8.Nh4 Be6
9.Ne2 g5 10.Nf5 Bxf5 11.exf5 h5 12.f4 gxf4 13.Bxf4 exf4 14.Nxf4 Qd7 15.Qf3 O-O-O
16.Ne6 Re8 17.b4 cxb4 18.a3 b3 19.cxb3 d5 20.b4 Bd6 21.Rac1 Kb8 22.Rfe1 Ne7
23.Re2 h4 24.Rb1 Ka8 25.d4 Bb8 26.b5 cxb5 27.Qd3 Bd6 28.Rxb5 Rb8 29.a4 Rhc8
30.Nc5 Bxc5 31.dxc5 Rxb5  0-1

[Event "Heraklio op"]
[Site "Heraklio"]
[Date "1993.??.??"]
[Round "7"]
[White "Arnason, Jon L"]
[Black "Arakhamia, Ketevan"]
[Result "1-0"]
[WhiteElo "2530"]
[BlackElo "2440"]

1.e4 c5 2.Nf3 Nc6 3.Bb5 e6 4.O-O Nge7 5.c3 a6 6.Ba4 b5 7.Bc2 Bb7 8.Re1 Rc8
9.a4 Ng6 10.axb5 axb5 11.d4 cxd4 12.Nxd4 Nxd4 13.cxd4 Be7 14.Bd3 O-O 15.Bxb5 f5
16.Nc3 Bb4 17.exf5 Nh4 18.Ba6 Bxg2 19.Bxc8 Rxf5 20.Re5 Bf3 21.Qd3 Qxc8 22.Rxf5 exf5
23.Bg5 Bxc3 24.Bxh4  1-0

[Event "Horni Becva op"]
[Site "Horni Becva"]
[Date "1993.??.??"]
[Round "5"]
[White "Chura, Jan"]
[Black "Babula, Vlastimil"]
[Result "0-1"]
[WhiteElo "2200"]
[BlackElo "2395"]

1.e4 c5 2.Nf3 Nc6 3.Bb5 d6 4.Bxc6+ bxc6 5.O-O e5 6.c3 Bg4 7.d4 cxd4 8.cxd4 Bxf3
9.Qxf3 exd4 10.e5 d5 11.Rd1 Ne7 12.Rxd4 Ng6 13.Qc3 c5 14.Rd1 Be7 15.Qf3 d4
16.Qc6+ Kf8 17.Qe4 Rc8 18.Na3 Qd7 19.Nc4 h5 20.Rd3 Qc6 21.Qxc6 Rxc6 22.Rb3 f6
23.Rb7 a6 24.f4 Kf7 25.Bd2 f5 26.Rc1 Rd8 27.b4 Kf8 28.Na5 Rcc8 29.Rb6 Kf7
30.Nb7 c4 31.Nxd8+ Bxd8 32.Rb7+ Ke6 33.Rxg7 Ne7 34.Kf1 c3 35.Ke2 Kd5 36.Be1 Ke4
37.g3 d3+ 38.Kd1 c2+ 39.Kd2 Bb6  0-1

[Event "Horni Becva op"]
[Site "Horni Becva"]
[Date "1993.??.??"]
[Round "8"]
[White "Suran, Jan"]
[Black "Manik, Mikulas"]
[Result "0-1"]
[WhiteElo "2200"]
[BlackElo "2355"]

1.e4 c5 2.Nf3 Nc6 3.Bb5 Nf6 4.Nc3 d6 5.e5 Nd7 6.exd6 e5 7.Ne4 f5 8.Ng3 g6
9.O-O Bxd6 10.d3 Qf6 11.Bh6 Nd8 12.Ng5 Bf8 13.Bxf8 Kxf8 14.Qd2 Kg7 15.Rfe1 Re8
16.f4 a6 17.Bxd7 Bxd7 18.fxe5 Rxe5 19.Nf3 Rxe1+ 20.Rxe1 Nc6 21.c3 Qd6 22.Qg5 Kh8
23.Qd2 Be6 24.b3 Rd8 25.Rd1 Bd5 26.Qe2 Qf6 27.c4 Nd4 28.Nxd4 Qxd4+ 29.Qf2 Bc6
30.Qxd4+ Rxd4 31.Ne2 Rg4 32.g3 h5 33.Kf2 h4 34.d4 g5 35.d5 Bd7 36.d6 Kg7
37.Rd5 b6 38.Re5 Kf6 39.Re7 hxg3+ 40.hxg3 Bc6 41.Rc7 Be4 42.Nc3 Ke6 43.Nxe4 Rxe4
44.Rg7 g4 45.d7 Rd4 46.Ke3 b5 47.Rh7 bxc4 48.bxc4 Rxd7 49.Rh6+ Ke5 50.Rxa6 Rd4
51.Ra8 Rxc4 52.Re8+ Kd6 53.Rd8+ Kc7 54.Rd3 Re4+ 55.Kf2 Rd4 56.Rc3 Kd6  0-1

[Event "HUN-chT2"]
[Site "HUN"]
[Date "1993.??.??"]
[Round "?"]
[White "Majdanics, Antal"]
[Black "Nemeth, Antal"]
[Result "0-1"]
[WhiteElo "2240"]
[BlackElo "2315"]

1.e4 c5 2.Nf3 Nc6 3.Bb5 g6 4.O-O Bg7 5.c3 e5 6.d4 cxd4 7.cxd4 Nxd4 8.Nxd4 exd4
9.f4 Ne7 10.f5 Nc6 11.f6 Bf8 12.Na3 a6 13.Bc4 Qb6 14.Bd5 Nd8 15.Nc4 Qa7 16.Bf4 d6
17.Nxd6+ Bxd6 18.Bxd6 Qb6 19.Ba3 Bd7 20.Rc1 Rc8 21.Rxc8 Bxc8 22.Qc1 d3+ 23.Bc5 Qb5
24.b4 Ne6 25.Be3 Bd7 26.a3 h5 27.Bc4 Qe5 28.Bd5 b5 29.Bc5 h4 30.Qe3 h3 31.Qg3 Qxg3
32.hxg3 hxg2 33.Kxg2 Ng5 34.Rd1 Bh3+ 35.Kf2 Be6 36.Rxd3 Rh2+ 37.Kg1 Re2 38.Bxe6  0-1

[Event "HUN-chT2"]
[Site "HUN"]
[Date "1993.??.??"]
[Round "?"]
[White "Marosi, Csaba"]
[Black "Fodre, Sandor"]
[Result "1/2-1/2"]
[WhiteElo "2310"]
[BlackElo "2285"]

1.e4 c5 2.Nf3 Nc6 3.Bb5 Nf6 4.Nc3 d6 5.d4 cxd4 6.Qxd4 Bd7 7.Bxc6 Bxc6 8.Bg5 Qa5
9.O-O-O Nd7 10.Rhe1 O-O-O 11.Kb1 f6 12.Be3 Kb8 13.Qd3 Ne5 14.Nxe5 fxe5 15.f4 exf4
16.Bxf4 g5 17.Bg3 Bg7 18.Nd5 Rhe8 19.Rf1 Bxd5 20.Qxd5  1/2-1/2

[Event "HUN-chT2"]
[Site "HUN"]
[Date "1993.??.??"]
[Round "?"]
[White "Marosi, Csaba"]
[Black "Honfi, Karoly"]
[Result "0-1"]
[WhiteElo "2310"]
[BlackElo "2350"]

1.e4 c5 2.Nf3 Nc6 3.Bb5 Qb6 4.Nc3 e6 5.O-O Nge7 6.Re1 a6 7.Bf1 d6 8.b3 Ng6
9.Bb2 Bd7 10.Ne2 e5 11.h3 Be7 12.Nc3 O-O 13.Nd5 Qd8 14.c3 Re8 15.d4 Bf8 16.dxc5 dxc5
17.c4 Nd4 18.Qd3 Rc8 19.Rad1 Rc6 20.a3 Nh4 21.Nxh4 Qxh4 22.b4 Rg6 23.Re3 f5
24.exf5 Bxf5 25.Qc3 Bd6 26.Rde1 Rf8 27.Rxe5 Bxh3 28.f4 Bg4 29.R5e3 Rh6 30.Rg3 Bxf4  0-1

[Event "HUN-chT2"]
[Site "HUN"]
[Date "1993.??.??"]
[Round "?"]
[White "Meszaros, Gyula"]
[Black "Nemeth, Antal"]
[Result "1/2-1/2"]
[WhiteElo "2260"]
[BlackElo "2315"]

1.e4 c5 2.Nf3 Nc6 3.Bb5 e6 4.c3 Qb6 5.Qe2 Nge7 6.O-O a6 7.Ba4 Ng6 8.d3 Be7
9.Be3 O-O 10.b4 d6 11.bxc5 dxc5 12.d4 Qa5 13.Bb3 cxd4 14.cxd4 Bd7 15.Nbd2 b5
16.d5 exd5 17.exd5 Nce5 18.Nxe5 Nxe5 19.Bd4 Ng6 20.Qd3 Rac8 21.Ne4 Bf5 22.Qf3 Nh4
23.Qg3 Ng6 24.Qf3 Nh4 25.Qf4 Qb4 26.Rad1 Rce8 27.Rfe1 Bd8 28.Re3 Bxe4 29.Rxe4 Ng6
30.Qe3 Bg5 31.Qf3 Bf6 32.Rxe8 Rxe8 33.Be3 Ne5 34.Qf5 Qh4 35.h3 g6 36.Qf4 Nc4
37.Qxh4 Bxh4 38.Bxc4 bxc4 39.d6 Rd8 40.Bc5 Rd7 41.Rd4 Bf6 42.Rxc4 Be5 43.Kf1  1/2-1/2

[Event "HUN-chT2"]
[Site "HUN"]
[Date "1993.??.??"]
[Round "?"]
[White "Toth, Laszlo"]
[Black "Doery, Jeno"]
[Result "0-1"]
[WhiteElo "2225"]
[BlackElo "2330"]

1.e4 c5 2.Nf3 Nc6 3.Bb5 g6 4.O-O Bg7 5.c3 a6 6.Bxc6 dxc6 7.d4 cxd4 8.cxd4 Bg4
9.Nc3 Bxf3 10.Qxf3 Qxd4 11.Rd1 Qb6 12.Bf4 Nf6 13.e5 Nd5 14.Rxd5 cxd5 15.Nxd5 Qxb2
16.Nc7+ Kf8 17.Rd1 Rc8 18.Ne6+ Kg8 19.Nxg7 Kxg7 20.h4 Rhd8 21.Re1 Qc3 22.Re3 Qc6
23.Qg3 Rd1+ 24.Kh2 h5 25.Qg5 Qe6 26.Qh6+ Kg8 27.Rg3 Rd4 28.Rb3 b5 29.f3 Rc2
30.a4 Qf5 31.Be3 Rxh4+ 32.Kg3 Rxa4 33.e6 h4+ 34.Kh2 Raa2 35.exf7+ Qxf7 36.Bg1 Rxg2+
37.Kh1 Qxb3 38.Qxh4 Rxg1+  0-1

[Event "HUN-chT2"]
[Site "HUN"]
[Date "1993.??.??"]
[Round "?"]
[White "Toth, Laszlo"]
[Black "Farkas, Zsolt"]
[Result "1-0"]
[WhiteElo "2225"]
[BlackElo "2240"]

1.e4 c5 2.Nf3 Nc6 3.Bb5 g6 4.O-O Bg7 5.c3 Qb6 6.Bxc6 bxc6 7.d4 cxd4 8.cxd4 Nf6
9.Nc3 O-O 10.h3 Ba6 11.Re1 Qa5 12.Bg5 h6 13.Bf4 d6 14.Qd2 g5 15.Bg3 Nh5 16.Bh2 e5
17.a3 Nf4 18.Bxf4 gxf4 19.Kh1 f5 20.b4 Qc7 21.Rac1 Qf7 22.exf5 Qxf5 23.Ne4 Rad8
24.dxe5 Bxe5 25.Qa2+ Kh8 26.Nxe5 dxe5 27.f3 Qg6 28.Nc5 Bc8 29.Rxe5 Rfe8 30.Qb2 Kh7
31.Rxe8 Rxe8 32.Ne4 Re6 33.Rd1 Qg7 34.Qxg7+ Kxg7 35.Rd8 Ba6 36.Kh2 Re7 37.Rd6 Bb7
38.Nc5 a5 39.bxa5 Ba8 40.Rd8 Bb7 41.Rb8  1-0

[Event "HUN-chT2"]
[Site "HUN"]
[Date "1993.??.??"]
[Round "?"]
[White "Zagrebelny, Sergey"]
[Black "Videki, Sandor"]
[Result "1-0"]
[WhiteElo "2490"]
[BlackElo "2415"]

1.e4 c5 2.Nf3 Nc6 3.Bb5 d6 4.O-O Bd7 5.c3 Nf6 6.Re1 a6 7.Bxc6 Bxc6 8.d4 Bxe4
9.Bg5 Bd5 10.Bxf6 gxf6 11.Nbd2 b5 12.b3 e6 13.c4 bxc4 14.bxc4 Bxf3 15.Qxf3 cxd4
16.Qc6+ Ke7 17.Qb7+ Ke8 18.Qc6+ Ke7 19.Rab1 Ra7 20.Nf3 Rc7 21.Nxd4 Qc8 22.Qf3 Rg8
23.h4 Bg7 24.Rb6 Kd7 25.Qa3 Bf8 26.Qa4+  1-0

[Event "HUN-chT"]
[Site "HUN"]
[Date "1993.??.??"]
[Round "?"]
[White "Csoke, Krisztian"]
[Black "Balazs, Tibor Jr"]
[Result "1-0"]
[WhiteElo "2280"]
[BlackElo "2240"]

1.e4 c5 2.Nf3 Nc6 3.Bb5 d6 4.O-O e6 5.c3 Be7 6.d4 cxd4 7.cxd4 Bd7 8.Nc3 Nf6
9.d5 exd5 10.exd5 Nb8 11.Nd4 O-O 12.Bxd7 Qxd7 13.Qf3 g6 14.Re1 Qd8 15.Qh3 Re8
16.Bg5 Nbd7 17.Re2 Bf8 18.Ne4 Bg7 19.Rae1 Qa5 20.Bxf6 Rxe4 21.Rxe4 Nxf6 22.R4e2 Qxd5
23.Nb3 Rd8 24.Qh4 a5 25.Nd2 Rc8 26.Qa4 h5 27.h3 b6 28.Qb3 Qxb3 29.Nxb3 d5
30.Rc1 Rb8 31.Nd4 Ne4 32.Nc6 Rb7 33.f3 Ng3 34.Re8+ Kh7 35.Rd1 Rc7 36.Nd4 Rc4
37.Ne2 Nxe2+ 38.Rxe2 d4 39.Red2 a4 40.Kf1 b5 41.Ke2 Be5 42.f4 Bf6 43.Kd3 Rc7
44.Re1 h4 45.Rc2 Rb7 46.Rc6 Kg7 47.Re4 Rd7 48.Rc5 Rb7 49.Re8 Kh7 50.Rc6 Kg7
51.Rcc8 a3 52.Rc2 axb2 53.Rxb2 Ra7 54.Ree2 Rb7 55.Rb4 Rc7 56.Rxb5 Rc3+ 57.Ke4 Ra3
58.Rd2 Re3+ 59.Kd5 Ra3 60.Kc4 Rc3+ 61.Kd5 Ra3 62.Rb6 Ra4 63.Rb3 Ra8 64.Kc6 Re8
65.a4 Re4 66.a5 Re6+ 67.Kd5 Ra6 68.Ra2 Bd8 69.Kxd4 Rxa5 70.Rxa5 Bxa5 71.Rb5 Bc7
72.Ke3 Bd8 73.Rb7 Ba5 74.Ke4 Kf6 75.Ra7 Be1 76.Ra6+ Kg7 77.f5 gxf5+ 78.Kxf5 Bg3
79.Ra4 Be1 80.Re4 Bf2 81.Rg4+ Kf8 82.Kf6 Bb6 83.Kg5 Bf2 84.Kh6 Bg3 85.Kh7 Ke7
86.Kg7 Be5+ 87.Kg8 Bg3 88.Rg7 Kf6 89.Rxf7+ Kg5 90.Rf3 Be1 91.Kf7 Ba5 92.Ke6 Be1
93.Rf5+ Kg6 94.Rb5 Bg3 95.Rb4 Be1 96.Rg4+ Kh5 97.Kf5 Kh6 98.Re4 Bg3 99.Kg4 Kg6
100.Re6+ Kf7 101.Rh6 Kg7 102.Rxh4 Be1 103.Rh5 Kg6 104.Rb5 Bf2 105.h4 Bg1
106.Rd5 Be3 107.Rd6+ Kh7 108.Kf5 Bf2 109.h5 Bg3 110.Re6 Bh4 111.g4 Kg7 112.g5 Bf2
113.Re7+ Kf8 114.Rb7 Bd4 115.h6 Be3 116.h7 Bd4 117.Rb8+  1-0

[Event "HUN-chT"]
[Site "HUN"]
[Date "1993.??.??"]
[Round "?"]
[White "Csoke, Krisztian"]
[Black "Honos, Attila"]
[Result "1/2-1/2"]
[WhiteElo "2270"]
[BlackElo "2300"]

1.e4 c5 2.Nf3 Nc6 3.Bb5 g6 4.Bxc6 dxc6 5.h3 Bg7 6.d3 Nf6 7.Nc3 Qc7 8.Be3 b6
9.Qd2 Ba6 10.O-O Rd8 11.Bh6 O-O 12.Rad1 b5 13.Bxg7 Kxg7 14.e5 Ne8 15.Ne4 c4
16.Nc5 Bc8 17.Qe3 cxd3  1/2-1/2

[Event "HUN-chT2"]
[Site "HUN"]
[Date "1993.??.??"]
[Round "?"]
[White "Istvandi, Lajos"]
[Black "Taskovits, Istvan"]
[Result "1/2-1/2"]
[WhiteElo "2370"]
[BlackElo "2230"]

1.e4 c5 2.Nf3 Nc6 3.Bb5 e6 4.Bxc6 bxc6 5.e5 Ne7 6.b3 Ng6 7.O-O Be7 8.d3 f6
9.Bb2 O-O 10.Nbd2 fxe5 11.Nxe5 Nxe5 12.Bxe5 d6 13.Bg3 e5 14.Qe2 Bg5 15.Ne4 Bf4
16.Bxf4 Rxf4 17.Rae1 Bg4 18.f3 Bh5 19.Rf2 h6 20.Qe3 Bg6 21.g3 Rf5 22.Ref1 Qe7
23.Nc3 Re8 24.Kg2 Qd7 25.Ne4 Bf7 26.Rb1 Be6 27.c4 Ref8 28.a3 a5 29.b4 axb4
30.axb4 cxb4 31.Rxb4 R5f7 32.Nd2 Bh3+ 33.Kg1 c5 34.Rb1 Bg4 35.Rbf1 Bh3 36.Re1 Bg4
37.Ref1 Bh3 38.Re1 Bg4 39.Ree2 Bh5 40.Kg2 Qc6 41.Qe4 Qxe4 42.dxe4 Ra7 43.Nf1 Ra3
44.Re3 Rfa8 45.Rc2 Kf8 46.Kf2 Bf7 47.Rxa3 Rxa3 48.Ne3 Be6 49.f4 exf4 50.gxf4 g6
51.h4 Ra1 52.f5 gxf5 53.exf5 Bf7 54.Kf3 Ke7 55.Rb2 Rh1 56.Rb7+ Kf8 57.Rd7 Rh3+
58.Kf2 Rxh4 59.Rxd6 h5 60.Rc6 Bxc4 61.Rxc5 Bd3 62.Kg3 Ra4 63.Rc3 Rd4  1/2-1/2

[Event "HUN-chT2"]
[Site "HUN"]
[Date "1993.??.??"]
[Round "?"]
[White "Istvandi, Lajos"]
[Black "Seres, Lajos"]
[Result "1-0"]
[WhiteElo "2370"]
[BlackElo "2280"]

1.e4 c5 2.Nf3 Nc6 3.Bb5 g6 4.O-O Bg7 5.c3 Nf6 6.Re1 O-O 7.d4 d5 8.exd5 Qxd5
9.c4 Qd6 10.dxc5 Qxc5 11.Be3 Qh5 12.Bxc6 bxc6 13.Bd4 Bg4 14.Nbd2 Rfd8 15.Qa4 Bh6
16.Bc3 Bxd2 17.Nxd2 Qg5 18.Re5 Qf4 19.g3 Qh6 20.Rxe7 Rac8 21.Bxf6 Rxd2 22.Rae1 Qf8
23.Bc3 Rdd8 24.Qxa7 c5 25.Qb6  1-0

[Event "HUN-chT2"]
[Site "HUN"]
[Date "1993.??.??"]
[Round "?"]
[White "Doery, Jeno"]
[Black "Kiss, Attila"]
[Result "1/2-1/2"]
[WhiteElo "2330"]
[BlackElo "2365"]

1.e4 c5 2.Nf3 Nc6 3.Bb5 g6 4.O-O Bg7 5.c3 a6 6.Bxc6 dxc6 7.d4 Nf6 8.Re1 cxd4
9.cxd4 Bg4 10.Nbd2 O-O 11.h3 Bxf3 12.Nxf3 Nd7 13.Bg5 Re8 14.Qd2 Qb6 15.Rad1 e5
16.Be3 Qc7 17.dxe5 Nxe5 18.Nxe5 Qxe5 19.Bd4 Qxd4 20.Qxd4 Bxd4 21.Rxd4 Rad8
22.Red1 Rxd4 23.Rxd4 c5 24.Rd7 Rxe4 25.Rxb7 Re1+ 26.Kh2 Rb1 27.a3 c4 28.Rb4 a5
29.Rxc4 Rxb2 30.Rc5 a4 31.Rc4 Rxf2 32.Rxa4  1/2-1/2

[Event "HUN-chT2"]
[Site "HUN"]
[Date "1993.??.??"]
[Round "?"]
[White "Doery, Jeno"]
[Black "Farkas, Zsolt"]
[Result "1-0"]
[WhiteElo "2330"]
[BlackElo "2240"]

1.e4 c5 2.Nf3 Nc6 3.Bb5 d6 4.O-O Bd7 5.Re1 e6 6.c3 Nf6 7.d4 cxd4 8.cxd4 Be7
9.Nc3 a6 10.Bf1 O-O 11.Bg5 h6 12.Bh4 b5 13.e5 Ne8 14.Bxe7 Nxe7 15.Bd3 Bc6
16.Be4 Bxe4 17.Nxe4 Nd5 18.Rc1 f5 19.Nxd6 Nxd6 20.exd6 Qxd6 21.Rc5 Rac8 22.Qc1 Rxc5
23.dxc5 Qd7 24.Ne5 Qc7 25.a3 a5 26.c6 f4 27.h4 Rf5 28.Nf3 b4 29.Rxe6 Kf7
30.Re2 g5 31.hxg5 hxg5 32.Qc2 Kf6 33.Qe4 Qd6 34.Nd4 Re5 35.Qh7 Rxe2 36.Qh6+ Ke5
37.Nf3+  1-0